Pays de l'Empire mongol sur une carte - Statistiques

Statistiques générales
  • Ce quiz a été pris 677 fois
  • Le résultat moyen est 27 sur 28
Réponses sur la Carte
Les réponses sont colorées sur une échelle allant du rouge au vert en fonction du pourcentage des utilisateurs qui les ont devinées à leur premier essai. Vous pouvez retrouver ces pourcentages ci-dessous.
 
Statistiques - réponses
Pays % Correct
Chine
100%
Iran
99%
Mongolie
99%
Russie
99%
Irak
98%
Kazakhstan
98%
Pakistan
98%
Corée du Nord
97%
Corée du Sud
97%
Turkménistan
97%
Turquie
97%
Ukraine
97%
Afghanistan
96%
Géorgie
96%
Inde
96%
Ouzbékistan
96%
Arménie
95%
Azerbaïdjan
95%
Biélorussie
94%
Roumanie
94%
Moldavie
93%
Tadjikistan
93%
Kirghizistan
92%
Laos
92%
Syrie
92%
Viêt Nam
92%
Birmanie
88%
Pologne
87%
Aucun quiz correspondant
Distribution des résultats
% des personnes avec chaque résultat
Percentile par nombre de réponses
Votre historique - résultats
Vous n’avez pas pris ce quiz